MyGZULibrary

Blood's a rover : (Record no. 8425)

MARC details
000 -LEADER
fixed length control field 01639cam a2200337 a 4500
001 - CONTROL NUMBER
control field 15776319
003 - CONTROL NUMBER IDENTIFIER
control field GZU
005 - DATE AND TIME OF LATEST TRANSACTION
control field 20210520084947.0
008 - FIXED-LENGTH DATA ELEMENTS--GENERAL INFORMATION
fixed length control field 090615s2009 nyu 000 1 eng
010 ## - LIBRARY OF CONGRESS CONTROL NUMBER
LC control number 2009024460
020 ## - INTERNATIONAL STANDARD BOOK NUMBER
International Standard Book Number 9780099537793 (alk. paper)
035 ## - SYSTEM CONTROL NUMBER
System control number (OCoLC)ocn290466912
040 ## - CATALOGING SOURCE
Original cataloging agency DLC
Transcribing agency DLC
Modifying agency YDX
-- BTCTA
-- YDXCP
-- DOV
-- IP6
-- ABG
-- GO3
-- UPZ
-- CDX
-- DLC
043 ## - GEOGRAPHIC AREA CODE
Geographic area code n-us-ca
050 00 - LIBRARY OF CONGRESS CALL NUMBER
Classification number PS3555.
Item number ELL 2010
082 00 - DEWEY DECIMAL CLASSIFICATION NUMBER
Classification number 813/.6
Edition number 22
100 1# - MAIN ENTRY--PERSONAL NAME
Personal name Ellroy, James,
Dates associated with a name 1948-
245 10 - TITLE STATEMENT
Title Blood's a rover :
Remainder of title a novel /
Statement of responsibility, etc. James Ellroy.
260 ## - PUBLICATION, DISTRIBUTION, ETC.
Place of publication, distribution, etc. New York :
Name of publisher, distributor, etc. Alfred A. Knopf,
Date of publication, distribution, etc. 2010
300 ## - PHYSICAL DESCRIPTION
Extent 633 p. ;
Dimensions 25 cm.
490 1# - SERIES STATEMENT
Series statement The Underworld U.S.A. trilogy
520 ## - SUMMARY, ETC.
Summary, etc. Summer, 1968. Martin Luther King and Robert Kennedy are dead. The assassination conspiracies have begun to unravel. A dirty-tricks squad is getting ready to deploy at the Democratic Convention in Chicago. Black militants are warring in southside L.A. The Feds are concocting draconian countermeasures. And fate has placed three men at the vortex of history. A stand-alone sequel to The Cold Six Thousand.
650 #0 - SUBJECT ADDED ENTRY--TOPICAL TERM
Topical term or geographic name entry element Nineteen sixties
Form subdivision Fiction.
651 #0 - SUBJECT ADDED ENTRY--GEOGRAPHIC NAME
Geographic name Los Angeles (Calif.)
Form subdivision Fiction.
655 #0 - INDEX TERM--GENRE/FORM
Genre/form data or focus term Noir fiction.
655 #0 - INDEX TERM--GENRE/FORM
Genre/form data or focus term Political fiction.
800 1# - SERIES ADDED ENTRY--PERSONAL NAME
Personal name Ellroy, James,
Dates associated with a name 1948-
Title of a work Underworld U.S.A. trilogy.
906 ## - LOCAL DATA ELEMENT F, LDF (RLIN)
a 7
b cbc
c orignew
d 1
e ecip
f 20
g y-gencatlg
942 ## - ADDED ENTRY ELEMENTS (KOHA)
Source of classification or shelving scheme Library of Congress Classification
Koha item type Books
Classification part 3555
Item part ELL
Call number prefix PS
Holdings
Withdrawn status Lost status Damaged status Not for loan Collection code Home library Current library Shelving location Date acquired Total Checkouts Full call number Barcode Date last seen Copy number Price effective from Koha item type
        Fiction Mashava Campus Library Mashava Campus Library General Stacks 05/20/2021   PS3555ELL2010 028225 05/20/2021 c.1 05/20/2021 Books